Najväčší skok urobil Ahold

Bibliographic Details
Main Author: Janků, Jana (Author)
Format: Article
Language:Slovak
PhysicalDescription:Tab.
ISSN:1335-0684
Subjects:

MARC

LEADER 00000nab a2200000 a 4500
001 vtls000826734
003 SK-MaSNL
005 20260303210834.0
008 180207c2003 xo 0 slo
015 |a SNBRB2003/03-08736 
035 |a CLN000178389 
040 |a SNKBUCL  |b slo  |c SNKBUCL  |e AACR2 
041 0 |a slo 
044 |a xo  |c SK 
080 |a 339.3(437.6):334.75  |2 UDC-MRF-SK2 
080 |a 334.75(437.6)  |2 UDC-MRF-SK2 
100 1 |a Janků, Jana  |4 aut  |9 649096 
245 1 0 |a Najväčší skok urobil Ahold  |c Jana Janků 
300 |b Tab. 
650 0 7 |a obchod vnútorný  |x koncentrácia  |x reťazce obchodné  |z Slovensko  |2 snkbucl  |9 1243050 
650 0 7 |a obchodné spoločnosti  |2 snkbucl  |9 3650 
650 0 7 |a supermarkety  |2 snkbucl  |9 19928 
650 0 7 |a hypermarkety  |2 snkbucl  |9 17720 
655 7 |a články z novín a časopisov  |2 snkbucl  |9 267496 
773 0 |x 1335-0684  |t Trend  |g Č. 7 (2003), s. 18 
850 |a Slovenská národná knižnica v Martine 
852 |a SNK  |b KIS3GCP 
958 |a RBX 
999 |c 2202016  |d 2203946